[Event "Odisha-ch 60th"]
[Site "Balasore"]
[Date "2019.10.02"]
[Round "2"]
[White "Bidhar, Rutumbara"]
[Black "Srinath, Bhoi"]
[Result "1-0"]
[WhiteElo "1847"]
[BlackElo "1316"]
[PlyCount "95"]
[EventDate "2019.10.01"]
[EventType "swiss"]
[EventRounds "9"]
[EventCountry "IND"]
[SourceTitle "CBM 192 Extra"]
[Source "Chessbase"]
[SourceDate "2019.11.06"]
[SourceVersion "1"]
[SourceVersionDate "2019.11.06"]
[SourceQuality "1"]

1. e4 e5 2. Nf3 Nc6 3. Bb5 Nf6 4. 0-0 d6 5. d4 exd4 6. Nxd4 Bd7 7. Nxc6 bxc6 8. Bd3 Be7 9. c4 Ng4 10. Be2 Ne5 11. f4 Ng6 12. Nd2 0-0 13. Nf3 Nh4 14. Nd4 c5 15. Nc2 Bc6 16. g3 Ng6 17. Bf3 f5 18. exf5 Bxf3 19. Qxf3 Rxf5 20. Bd2 Rf8 21. Rad1 Bf6 22. b4 cxb4 23. Bxb4 Qe7 24. Ne3 Qf7 25. Nd5 Bb2 26. Rd2 Be5 27. Qg2 Bf6 28. Ba5 c5 29. Nxf6+ Qxf6 30. Bc7 Rac8 31. Bxd6 Rfd8 32. Rfd1 Qc3 33. Qd5+ Kh8 34. Rd3 Qc2 35. f5 Ne7 36. Qf7 Nc6 37. f6 Rg8 38. fxg7+ Rxg7 39. Be5 Qxd1+ 40. Rxd1 Nxe5 41. Qe6 Nf3+ 42. Kh1 Rf8 43. Rd7 Nh4 44. Kg1 Nf3+ 45. Kg2 Ng5 46. Qe5 Nf7 47. Qxc5 h6 48. Qxf8+ 1-0